| 000 | 00450cam a2200169ua 4500 | ||
|---|---|---|---|
| 001 | 1437 | ||
| 008 | 110708n ii |||gr||||Z||||||eng | ||
| 040 | _cMAIN | ||
| 100 | 1 |
_aAhmed, Rafique, _eAuthor. |
|
| 245 | 1 |
_aKalyan aru antajatik arthabigyan _cby Rafique ahmed |
|
| 250 | _a2nd. | ||
| 260 |
_aJorhat: _bUnika Prakashan, _c2005. |
||
| 300 |
_a248p: _bill; _c23cm. |
||
| 653 | _aEconomics | ||
| 653 | _aWelfare & international economics | ||
| 942 | _cBK | ||
| 999 |
_c1327 _d1327 |
||